[Event "Titled Tuesday intern op 13th Feb Early"]
[Site "Chess.com INT"]
[Date "2024.02.13"]
[Round "1"]
[White "Riehle, Marco"]
[Black "Turzo, Attila"]
[Result "1-0"]
[WhiteElo "2361"]
[BlackElo "2278"]
[PlyCount "143"]
[EventDate "2024.02.13"]
[EventType "swiss (blitz)"]
[EventRounds "11"]
[EventCountry "USA"]
[SourceTitle "CB08_2024"]
[SourceDate "2024.02.21"]
[SourceVersion "1"]
[SourceVersionDate "2024.02.21"]
[SourceQuality "1"]

1. e4 c5 2. a3 d6 3. b4 Nf6 4. Nc3 Nc6 5. b5 Nd4 6. Nf3 Bg4 7. Be2 Nxe2 8. Qxe2 e6 9. h3 Bxf3 10. Qxf3 Qc7 11. Bb2 Be7 12. 0-0 0-0 13. d3 Nd7 14. Ne2 Bf6 15. Bxf6 Nxf6 16. c4 a6 17. Nc3 axb5 18. Nxb5 Qc6 19. a4 Nd7 20. Qg3 Ra6 21. f4 f5 22. Rfe1 fxe4 23. Rxe4 Rf6 24. Rae1 Nf8 25. Ra1 d5 26. cxd5 exd5 27. Re7 Rf7 28. Rxf7 Kxf7 29. Qg5 Kg8 30. Kh2 Qd7 31. Re1 Re6 32. Re5 Rxe5 33. Qxe5 c4 34. Nd6 Qe6 35. dxc4 dxc4 36. Qd4 c3 37. Nxb7 c2 38. Qc3 Qe4 39. Kg3 Qxb7 40. Qxc2 Qb4 41. Qa2+ Kh8 42. a5 Qb7 43. a6 Qa7 44. Qa3 Kg8 45. Qb3+ Kh8 46. Qa3 Nd7 47. Qe7 h6 48. Qe8+ Kh7 49. Qe4+ Kg8 50. Qe6+ Kf8 51. Kh2 Nb8 52. Qd6+ Kg8 53. Qd5+ Kh8 54. Qb7 Qxb7 55. axb7 Kg8 56. g4 Kf7 57. Kg3 Ke7 58. f5 Kd7 59. h4 Kc7 60. g5 hxg5 61. h5 Kxb7 62. f6 gxf6 63. h6 Nc6 64. h7 Ne7 65. h8Q Nf5+ 66. Kg4 Ne3+ 67. Kf3 Nd5 68. Ke4 Nc7 69. Qxf6 g4 70. Qg7 Kc6 71. Qxg4 Nd5 72. Qe6+ 1-0

[Event "Titled Tuesday intern op 13th Feb Early"]
[Site "Chess.com INT"]
[Date "2024.02.13"]
[Round "5"]
[White "Turzo, Attila"]
[Black "Angulo Cubero, Oscar"]
[Result "0-1"]
[WhiteElo "2278"]
[BlackElo "2152"]
[PlyCount "42"]
[EventDate "2024.02.13"]
[EventType "swiss (blitz)"]
[EventRounds "11"]
[EventCountry "USA"]
[SourceTitle "CB08_2024"]
[SourceDate "2024.02.21"]
[SourceVersion "1"]
[SourceVersionDate "2024.02.21"]
[SourceQuality "1"]

1. d4 d5 2. Nf3 c5 3. c3 Nc6 4. dxc5 a5 5. Bf4 f6 6. e3 e5 7. Bg3 Bxc5 8. Bb5 Nge7 9. Nbd2 Be6 10. c4 0-0 11. cxd5 Bxd5 12. 0-0 Qb6 13. Qa4 Rfd8 14. Nc4 Qc7 15. Rfd1 Kh8 16. Rac1 Bxc4 17. Qxc4 Rxd1+ 18. Rxd1 b6 19. Qe6 Rd8 20. Rxd8+ Nxd8 21. h4 Nxe6 0-1

[Event "Titled Tuesday intern op 06th Feb Early"]
[Site "Chess.com INT"]
[Date "2024.02.06"]
[Round "11"]
[White "Turzo, Attila"]
[Black "Arslanov, Shamil"]
[Result "0-1"]
[WhiteElo "2278"]
[BlackElo "2410"]
[PlyCount "74"]
[EventDate "2024.02.06"]
[EventType "swiss (blitz)"]
[EventRounds "11"]
[EventCountry "USA"]
[SourceTitle "CB07_2024"]
[SourceDate "2024.02.14"]
[SourceVersion "1"]
[SourceVersionDate "2024.02.14"]
[SourceQuality "1"]

1. d4 e5 2. dxe5 d6 3. e4 Nc6 4. Nf3 Bg4 5. Be2 Qd7 6. Be3 0-0-0 7. Nbd2 dxe5 8. c3 f5 9. exf5 Nf6 10. Qa4 Qxf5 11. Bb5 Nd5 12. Bxc6 Nxe3 13. fxe3 bxc6 14. Qxc6 Bxf3 15. Nxf3 Qc2 16. Qa8+ Kd7 17. Rd1+ Bd6 18. Nxe5+ Ke7 19. Nc6+ Kd7 20. Nxd8 Rxd8 21. Qf3 Qxb2 22. 0-0 Qxc3 23. Rc1 Qe5 24. Qf7+ Kc8 25. Qf5+ Qxf5 26. Rxf5 Re8 27. Rf3 Re4 28. h3 Ra4 29. Rc2 Kd8 30. Rf7 Be5 31. Kf2 Ke8 32. Rf5 Bd6 33. Rd5 Ke7 34. Rd3 Ke6 35. Kf3 g6 36. e4 Ra5 37. Rd5 Ra4 0-1

[Event "Titled Tuesday intern op 06th Feb Early"]
[Site "Chess.com INT"]
[Date "2024.02.06"]
[Round "3"]
[White "Turzo, Attila"]
[Black "Schut, Han"]
[Result "0-1"]
[WhiteElo "2278"]
[BlackElo "2091"]
[PlyCount "112"]
[EventDate "2024.02.06"]
[EventType "swiss (blitz)"]
[EventRounds "11"]
[EventCountry "USA"]
[SourceTitle "CB07_2024"]
[SourceDate "2024.02.14"]
[SourceVersion "1"]
[SourceVersionDate "2024.02.14"]
[SourceQuality "1"]

1. d4 Nf6 2. Bf4 d5 3. e3 e6 4. Nf3 Bd6 5. Nbd2 b6 6. c3 Bb7 7. Bd3 Ne4 8. 0-0 Nd7 9. Bxd6 cxd6 10. c4 Nxd2 11. Nxd2 dxc4 12. Nxc4 Qe7 13. Qg4 0-0 14. Qg3 Ba6 15. Rfc1 Bxc4 16. Rxc4 Rac8 17. Rac1 Rxc4 18. Rxc4 Nf6 19. Rc6 d5 20. a3 Rd8 21. Qc7 Rd7 22. Qb8+ Rd8 23. Rc8 Rxc8 24. Qxc8+ Qe8 25. Qc7 Qd7 26. Qb8+ Ne8 27. g3 Kf8 28. Kg2 Qc7 29. Qxc7 Nxc7 30. h4 g6 31. f3 Ke7 32. e4 Kd6 33. Kf2 e5 34. dxe5+ Kxe5 35. exd5 Nxd5 36. Ke2 Kd4 37. Be4 f6 38. Kd2 a5 39. Bxd5 Kxd5 40. Kd3 b5 41. b3 h6 42. g4 Ke5 43. Ke3 Kd5 44. f4 Kc5 45. Ke4 a4 46. b4+ Kc4 47. g5 hxg5 48. fxg5 fxg5 49. hxg5 Kb3 50. Ke5 Kxa3 51. Kf6 Kxb4 52. Kxg6 a3 53. Kf7 a2 54. g6 a1Q 55. g7 Qxg7+ 56. Kxg7 Kc3 0-1

[Event "Titled Tuesday intern op 06th Feb Early"]
[Site "Chess.com INT"]
[Date "2024.02.06"]
[Round "8"]
[White "Turzo, Attila"]
[Black "Wueest, Andrin"]
[Result "1-0"]
[WhiteElo "2278"]
[BlackElo "2234"]
[PlyCount "109"]
[EventDate "2024.02.06"]
[EventType "swiss (blitz)"]
[EventRounds "11"]
[EventCountry "USA"]
[SourceTitle "CB07_2024"]
[SourceDate "2024.02.14"]
[SourceVersion "1"]
[SourceVersionDate "2024.02.14"]
[SourceQuality "1"]

1. d4 d6 2. Bf4 c5 3. e3 cxd4 4. exd4 Nf6 5. Nf3 g6 6. c3 Bg7 7. Nbd2 0-0 8. Be2 b6 9. 0-0 Bb7 10. a4 Nc6 11. Re1 Re8 12. Nc4 Nh5 13. Be3 e5 14. dxe5 dxe5 15. Nd6 Re7 16. Nxb7 Qxd1 17. Rexd1 Rxb7 18. g3 Rc7 19. Ng5 Nf6 20. Bf3 Rac8 21. Ne4 Na5 22. Nd6 Rb8 23. Bg5 Nc4 24. Nxc4 Rxc4 25. Bxf6 Bxf6 26. Rd7 e4 27. Be2 Rc5 28. Rxa7 e3 29. fxe3 Bg5 30. e4 Rd8 31. Rd1 Rxd1+ 32. Bxd1 Be3+ 33. Kg2 Ra5 34. Rxa5 bxa5 35. b4 Bd2 36. bxa5 Bxc3 37. a6 Bd4 38. e5 Kf8 39. Kf3 Ke7 40. Ke4 Bb6 41. Kd5 f6 42. exf6+ Kxf6 43. Kc6 Bg1 44. Kb7 Ke5 45. a7 Bxa7 46. Kxa7 Kd4 47. Kb6 Ke3 48. a5 Kf2 49. a6 Kg1 50. h4 Kh2 51. g4 Kg3 52. h5 Kh4 53. hxg6 hxg6 54. a7 g5 55. a8Q 1-0

[Event "Titled Tuesday intern op 12th Dec Early"]
[Site "Chess.com INT"]
[Date "2023.12.12"]
[Round "7"]
[White "Rose, Felix"]
[Black "Turzo, Attila"]
[Result "0-1"]
[WhiteElo "2091"]
[BlackElo "2278"]
[PlyCount "52"]
[EventDate "2023.12.12"]
[EventType "swiss (blitz)"]
[EventRounds "11"]
[EventCountry "USA"]
[SourceTitle "CB51_2023"]
[SourceDate "2023.12.20"]
[SourceVersion "1"]
[SourceVersionDate "2023.12.20"]
[SourceQuality "1"]

1. d4 Nf6 2. c4 c5 3. d5 b5 4. cxb5 a6 5. Nc3 axb5 6. Nxb5 g6 7. g3 Bg7 8. Nf3 0-0 9. Nc3 d6 10. e4 Nbd7 11. a4 Ng4 12. h3 Nge5 13. Nxe5 Nxe5 14. Bd2 Qb6 15. Rb1 f5 16. f4 Nd7 17. exf5 Nf6 18. fxg6 Bf5 19. gxh7+ Kh8 20. Bb5 c4 21. Bxc4 Qd4 22. b3 Ne4 23. Nxe4 Qxe4+ 24. Kf2 Bd4+ 25. Kf1 Qxh1+ 26. Ke2 Qg2+ 0-1

[Event "Titled Tuesday intern op 12th Dec Early"]
[Site "Chess.com INT"]
[Date "2023.12.12"]
[Round "5"]
[White "Turzo, Attila"]
[Black "Jakubowska, Anna"]
[Result "1-0"]
[WhiteElo "2278"]
[BlackElo "2139"]
[PlyCount "73"]
[EventDate "2023.12.12"]
[EventType "swiss (blitz)"]
[EventRounds "11"]
[EventCountry "USA"]
[SourceTitle "CB51_2023"]
[SourceDate "2023.12.20"]
[SourceVersion "1"]
[SourceVersionDate "2023.12.20"]
[SourceQuality "1"]

1. d4 f5 2. Nf3 Nf6 3. Bf4 g6 4. h3 d6 5. e3 Bg7 6. c4 0-0 7. Nc3 c6 8. Be2 Nbd7 9. 0-0 Qe8 10. d5 Nb6 11. Qd2 Bd7 12. Nd4 cxd5 13. cxd5 Nfxd5 14. Nxd5 Nxd5 15. Bc4 e6 16. Bxd6 Nb6 17. Bxf8 Nxc4 18. Qe2 Qxf8 19. Qxc4 Rc8 20. Qb3 Bxd4 21. exd4 b6 22. Rac1 Rxc1 23. Rxc1 Qd6 24. Qc4 Kf7 25. Qc7 Qxd4 26. Qxa7 Kf6 27. Qa3 Qd5 28. Qb3 Qd6 29. Rd1 Qc7 30. Qc3+ Qxc3 31. bxc3 Ba4 32. Rb1 b5 33. Rb4 Ke5 34. c4 bxc4 35. Rxa4 Kd4 36. Kf1 Kd3 37. Ke1 1-0

[Event "Budapest Vezerkepzo Autumn IM"]
[Site "Budapest"]
[Date "2023.10.21"]
[Round "3"]
[White "Turzo, Attila"]
[Black "Toth, Lili1"]
[Result "1-0"]
[WhiteElo "2279"]
[BlackElo "1950"]
[PlyCount "71"]
[EventDate "2023.10.19"]
[EventType "tourn"]
[EventRounds "9"]
[EventCountry "HUN"]
[SourceTitle "Mega2024 Update 01"]
[Source "Chessbase"]
[SourceDate "2023.11.12"]
[SourceVersion "1"]
[SourceVersionDate "2023.11.12"]
[SourceQuality "1"]

1. d4 Nf6 2. c4 c6 3. Nf3 d5 4. Nc3 e6 5. e3 Nbd7 6. Be2 Bd6 7. b3 b6 8. Bb2 Bb7 9. 0-0 0-0 10. Qc2 Re8 11. Rad1 Rc8 12. e4 dxe4 13. Nxe4 Nxe4 14. Qxe4 Qc7 15. c5 bxc5 16. dxc5 Nxc5 17. Qc2 Bf8 18. Be5 Qa5 19. Rd4 Rcd8 20. Rfd1 Rxd4 21. Rxd4 f6 22. Rh4 f5 23. Bc4 Ne4 24. Rxe4 fxe4 25. Qxe4 Qa3 26. h4 Qc1+ 27. Kh2 Qh6 28. Ng5 c5 29. Qxb7 Qxh4+ 30. Nh3 Qh5 31. f4 h6 32. Qe4 Kh8 33. Bd3 Qf5 34. Qf3 Qf7 35. Ng5 Qd7 36. Qe4 1-0

[Event "Titled Tuesday intern op 26th Sep Early"]
[Site "Chess.com INT"]
[Date "2023.09.26"]
[Round "11"]
[White "Buchenau, Frank"]
[Black "Turzo, Attila"]
[Result "1-0"]
[WhiteElo "2135"]
[BlackElo "2279"]
[PlyCount "83"]
[EventDate "2023.09.26"]
[EventType "swiss (blitz)"]
[EventRounds "11"]
[EventCountry "USA"]
[SourceTitle "EXT 2024"]
[Source "ChessBase"]
[SourceDate "2023.10.10"]
[SourceVersion "1"]
[SourceVersionDate "2023.10.10"]
[SourceQuality "1"]

1. e4 c5 2. Nf3 Nc6 3. Bb5 g6 4. Bxc6 dxc6 5. d3 Bg7 6. 0-0 e5 7. Be3 Qe7 8. a4 b6 9. a5 Rb8 10. axb6 axb6 11. Nbd2 Nf6 12. Nc4 Nd7 13. Ra7 0-0 14. Qd2 f6 15. Rfa1 Bb7 16. b4 Ra8 17. bxc5 bxc5 18. Rxa8 Rxa8 19. Rxa8+ Bxa8 20. Qa5 Qf8 21. Qc7 Qb8 22. Qxb8+ Nxb8 23. Bxc5 Nd7 24. Bd6 c5 25. Nfd2 Bf8 26. Bxf8 Kxf8 27. g3 Ke7 28. f4 exf4 29. gxf4 Bc6 30. Kf2 Ba4 31. Nb3 Bb5 32. Ne3 Bc6 33. c4 Kd6 34. Nd5 f5 35. Ke3 fxe4 36. dxe4 Ba4 37. e5+ Ke6 38. Nd2 Kf5 39. h3 Bc2 40. Kf3 Nf8 41. Ne3+ Ke6 42. Nxc2 1-0

[Event "Titled Tuesday intern op 26th Sep Early"]
[Site "Chess.com INT"]
[Date "2023.09.26"]
[Round "3"]
[White "Deveci, Huseyin Said"]
[Black "Turzo, Attila"]
[Result "0-1"]
[WhiteElo "1948"]
[BlackElo "2279"]
[PlyCount "62"]
[EventDate "2023.09.26"]
[EventType "swiss (blitz)"]
[EventRounds "11"]
[EventCountry "USA"]
[SourceTitle "EXT 2024"]
[Source "ChessBase"]
[SourceDate "2023.10.10"]
[SourceVersion "1"]
[SourceVersionDate "2023.10.10"]
[SourceQuality "1"]

1. d4 d5 2. c4 c6 3. Nc3 Nf6 4. Nf3 a6 5. e3 b5 6. c5 Bg4 7. a3 Nbd7 8. Bd3 e5 9. dxe5 Nxe5 10. Be2 Bxf3 11. Bxf3 Bxc5 12. 0-0 0-0 13. b4 Bd6 14. Bb2 Qe7 15. Be2 a5 16. Qb3 axb4 17. axb4 Nc4 18. Nd1 Nxb2 19. Nxb2 Bxb4 20. Rfc1 Rxa1 21. Rxa1 Bd6 22. Ra6 Rc8 23. Nd3 Ne4 24. Qc2 Qc7 25. Nb2 Bxh2+ 26. Kf1 Bd6 27. Nd1 Qb7 28. Qa2 b4 29. Ra7 Qb6 30. Ra6 Qb8 31. Bd3 Nc5 0-1

[Event "Titled Tuesday intern op 26th Sep Early"]
[Site "Chess.com INT"]
[Date "2023.09.26"]
[Round "5"]
[White "Turzo, Attila"]
[Black "Fernandez, Gerardo"]
[Result "1-0"]
[WhiteElo "2279"]
[BlackElo "2181"]
[PlyCount "79"]
[EventDate "2023.09.26"]
[EventType "swiss (blitz)"]
[EventRounds "11"]
[EventCountry "USA"]
[SourceTitle "EXT 2024"]
[Source "ChessBase"]
[SourceDate "2023.10.10"]
[SourceVersion "1"]
[SourceVersionDate "2023.10.10"]
[SourceQuality "1"]

1. d4 Nf6 2. Nf3 g6 3. Bg5 Bg7 4. c3 d5 5. Nbd2 0-0 6. e3 b6 7. Be2 Bb7 8. a4 a6 9. 0-0 Nbd7 10. h3 c5 11. Qb3 c4 12. Qa3 Re8 13. Bf4 Ne4 14. Rfd1 Nxd2 15. Rxd2 Nf6 16. Rdd1 Ne4 17. Nd2 f5 18. Nf3 e6 19. Be5 Qe7 20. Bxg7 Qxa3 21. Rxa3 Kxg7 22. Ne5 Rad8 23. Bf3 Nd6 24. Rb1 Re7 25. b3 b5 26. bxc4 dxc4 27. Bc6 Rc7 28. axb5 axb5 29. Bxb5 Bd5 30. Raa1 Be4 31. Rb4 Bd5 32. Ba4 Ra8 33. Rc1 Rca7 34. Bd1 Ra1 35. Rbb1 Rxb1 36. Rxb1 Ra2 37. f3 Kf6 38. Kf1 Kg5 39. Be2 Kh4 40. Kf2 1-0

[Event "Titled Tuesday intern op 19th Sep Early"]
[Site "Chess.com INT"]
[Date "2023.09.19"]
[Round "10"]
[White "Janaszak, Dawid"]
[Black "Turzo, Attila"]
[Result "1/2-1/2"]
[WhiteElo "2302"]
[BlackElo "2279"]
[PlyCount "111"]
[EventDate "2023.09.19"]
[EventType "swiss (blitz)"]
[EventRounds "11"]
[EventCountry "USA"]
[SourceTitle "EXT 2024"]
[Source "ChessBase"]
[SourceDate "2023.10.10"]
[SourceVersion "1"]
[SourceVersionDate "2023.10.10"]
[SourceQuality "1"]

1. d4 Nf6 2. Bf4 e6 3. Nf3 c5 4. e3 b6 5. Nbd2 Be7 6. Nc4 0-0 7. c3 d5 8. Nce5 Nfd7 9. Bd3 Nxe5 10. Nxe5 Ba6 11. Bc2 f6 12. Qh5 f5 13. g4 Bc8 14. gxf5 exf5 15. Rg1 Bf6 16. 0-0-0 Qe8 17. Qh3 Nc6 18. Ba4 Bd7 19. Nxd7 Qxd7 20. dxc5 bxc5 21. Bxc6 Qxc6 22. Qxf5 d4 23. cxd4 cxd4+ 24. Kb1 dxe3 25. fxe3 Bxb2 26. Qd5+ Qxd5 27. Rxd5 Bf6 28. Rd7 Rf7 29. Rgd1 Raf8 30. Kc2 Rxd7 31. Rxd7 Rf7 32. Rd5 Rb7 33. a4 Kf7 34. Rb5 Rxb5 35. axb5 Bd8 36. Kd3 Bb6 37. Be5 g6 38. Ke4 Ke6 39. Bf4 Bc5 40. h3 Bb6 41. Bb8 g5 42. Bg3 h5 43. Be1 Bc5 44. Bc3 Bb6 45. Bg7 Bc5 46. Bh6 Be7 47. Bg7 Bd8 48. Be5 Bb6 49. Bg3 Bd8 50. Bb8 Bb6 51. Bg3 Bc5 52. Be1 Bb6 53. Bc3 Bc5 54. Be1 Bb6 55. Bc3 Bc5 56. Be1 1/2-1/2

[Event "Titled Tuesday intern op 19th Sep Early"]
[Site "Chess.com INT"]
[Date "2023.09.19"]
[Round "7"]
[White "Turzo, Attila"]
[Black "Sabatier, Mathis"]
[Result "1-0"]
[WhiteElo "2279"]
[BlackElo "2130"]
[PlyCount "43"]
[EventDate "2023.09.19"]
[EventType "swiss (blitz)"]
[EventRounds "11"]
[EventCountry "USA"]
[SourceTitle "EXT 2024"]
[Source "ChessBase"]
[SourceDate "2023.10.10"]
[SourceVersion "1"]
[SourceVersionDate "2023.10.10"]
[SourceQuality "1"]

1. d4 d5 2. Nf3 Nf6 3. Bf4 c5 4. e3 Nc6 5. Nbd2 e6 6. c3 cxd4 7. exd4 Nh5 8. Be5 f6 9. Bg3 Bd6 10. Bb5 0-0 11. 0-0 Nxg3 12. hxg3 a6 13. Be2 e5 14. dxe5 fxe5 15. c4 e4 16. Ne1 e3 17. fxe3 Bxg3 18. cxd5 Qxd5 19. Bc4 Rxf1+ 20. Kxf1 Be6 21. Bxd5 Bxd5 22. Nef3 1-0

[Event "Titled Tuesday intern op 19th Sep Early"]
[Site "Chess.com INT"]
[Date "2023.09.19"]
[Round "11"]
[White "Valle Luis, Leo"]
[Black "Turzo, Attila"]
[Result "1-0"]
[WhiteElo "2214"]
[BlackElo "2279"]
[PlyCount "67"]
[EventDate "2023.09.19"]
[EventType "swiss (blitz)"]
[EventRounds "11"]
[EventCountry "USA"]
[SourceTitle "EXT 2024"]
[Source "ChessBase"]
[SourceDate "2023.10.10"]
[SourceVersion "1"]
[SourceVersionDate "2023.10.10"]
[SourceQuality "1"]

1. e4 c5 2. Nf3 d6 3. d4 cxd4 4. Nxd4 Nf6 5. Nc3 a6 6. Bg5 e6 7. Be2 Be7 8. f4 0-0 9. Qd2 Nc6 10. 0-0-0 h6 11. Bxf6 Bxf6 12. Nxc6 bxc6 13. Qxd6 Qb6 14. e5 Bd8 15. Bf3 Rb8 16. Na4 Qb4 17. g3 Qxa4 18. Qxb8 Qxa2 19. c3 Be7 20. Kc2 c5 21. Qb3 Qa5 22. Ra1 Qc7 23. Qc4 Qb6 24. Rhd1 f6 25. exf6 Bxf6 26. Be4 Kh8 27. Qb3 Qc7 28. Qa4 c4 29. Qc6 Qa7 30. Qxc4 Qe3 31. Qd3 Qf2+ 32. Rd2 Qb6 33. Qd6 Qe3 34. Qxf8# 1-0

[Event "Titled Tuesday intern op 12th Sep Early"]
[Site "Chess.com INT"]
[Date "2023.09.12"]
[Round "10"]
[White "Nagare, Kaivalya Sandip"]
[Black "Turzo, Attila"]
[Result "0-1"]
[WhiteElo "2095"]
[BlackElo "2279"]
[PlyCount "144"]
[EventDate "2023.09.12"]
[EventType "swiss (blitz)"]
[EventRounds "11"]
[EventCountry "USA"]
[SourceTitle "EXT 2024"]
[Source "ChessBase"]
[SourceDate "2023.10.10"]
[SourceVersion "1"]
[SourceVersionDate "2023.10.10"]
[SourceQuality "1"]

1. e4 c5 2. Nf3 d6 3. d4 cxd4 4. Nxd4 Nf6 5. Nc3 a6 6. Bg5 e6 7. f4 Be7 8. Qf3 Qc7 9. 0-0-0 Nbd7 10. Bd3 0-0 11. g4 b5 12. h4 Bb7 13. Kb1 b4 14. Nce2 Nc5 15. Ng3 Rfe8 16. Nde2 d5 17. Bxf6 dxe4 18. Nxe4 Bxf6 19. g5 Be7 20. Rhg1 Rad8 21. Nf6+ Bxf6 22. gxf6 g6 23. Qh5 Kh8 24. Qh6 Rg8 25. h5 Nxd3 26. cxd3 Bf3 27. hxg6 Rxg6 28. Rxg6 fxg6 29. Qh2 Rf8 30. Re1 Bxe2 31. Qxe2 Rxf6 32. Qe4 Qxf4 33. Qa8+ Rf8 34. Qxa6 e5 35. Qd6 Re8 36. d4 Qf5+ 37. Ka1 e4 38. d5 Qe5 39. Qc6 e3 40. d6 e2 41. d7 Rd8 42. Qc8 Qe7 43. Rxe2 Qxd7 44. Qxd7 Rxd7 45. Kb1 Rd4 46. Kc2 h5 47. Kb3 Kg7 48. a4 bxa3 49. bxa3 h4 50. a4 g5 51. a5 Rd1 52. a6 Rb1+ 53. Rb2 Re1 54. a7 Re8 55. Kc4 Ra8 56. Rb7+ Kg6 57. Kb5 g4 58. Kb6 g3 59. Rb8 Rxa7 60. Kxa7 Kf5 61. Kb6 h3 62. Rh8 h2 63. Kc5 g2 64. Rf8+ Ke4 65. Re8+ Kd3 66. Rd8+ Kc3 67. Kb5 g1Q 68. Rc8+ Kb3 69. Rd8 h1Q 70. Rd3+ Kc2 71. Ra3 Qg5+ 72. Kb4 Qhh4# 0-1

[Event "Titled Tuesday intern op 12th Sep Early"]
[Site "Chess.com INT"]
[Date "2023.09.12"]
[Round "7"]
[White "Sultanbek, Zeinep"]
[Black "Turzo, Attila"]
[Result "0-1"]
[WhiteElo "2022"]
[BlackElo "2279"]
[PlyCount "100"]
[EventDate "2023.09.12"]
[EventType "swiss (blitz)"]
[EventRounds "11"]
[EventCountry "USA"]
[SourceTitle "EXT 2024"]
[Source "ChessBase"]
[SourceDate "2023.10.10"]
[SourceVersion "1"]
[SourceVersionDate "2023.10.10"]
[SourceQuality "1"]

1. d4 Nf6 2. c4 e6 3. Nf3 d5 4. g3 Bb4+ 5. Bd2 Be7 6. Bg2 0-0 7. 0-0 c6 8. Qc2 Nbd7 9. Bf4 b6 10. cxd5 cxd5 11. Qc6 Ba6 12. Nc3 Qc8 13. Qa4 Qb7 14. Nb5 Bxb5 15. Qxb5 Rfc8 16. Rfc1 a6 17. Qd3 b5 18. Rxc8+ Rxc8 19. Rc1 Rc4 20. b3 Rxc1+ 21. Bxc1 Qc6 22. Bd2 Ne4 23. Ne1 Nxd2 24. Qxd2 f5 25. Nd3 Bd6 26. Qa5 Bc7 27. Qd2 a5 28. e3 b4 29. Bf1 Nf6 30. f3 Bd6 31. Qc1 Qxc1 32. Nxc1 g5 33. Kf2 g4 34. Bg2 gxf3 35. Bxf3 e5 36. dxe5 Bxe5 37. Nd3 Bd6 38. Ke2 Kf7 39. Nf2 Ke6 40. Kd3 Be5 41. Nh3 Ne4 42. Bxe4 fxe4+ 43. Ke2 h6 44. Nf2 Kf5 45. Kf1 Bc3 46. Ke2 h5 47. h3 Be5 48. g4+ hxg4 49. Nxg4 Bg3 50. Nh6+ Ke6 0-1

[Event "Titled Tuesday intern op 12th Sep Early"]
[Site "Chess.com INT"]
[Date "2023.09.12"]
[Round "11"]
[White "Turzo, Attila"]
[Black "Weishaeutel, Moritz"]
[Result "1-0"]
[WhiteElo "2279"]
[BlackElo "2403"]
[PlyCount "115"]
[EventDate "2023.09.12"]
[EventType "swiss (blitz)"]
[EventRounds "11"]
[EventCountry "USA"]
[SourceTitle "EXT 2024"]
[Source "ChessBase"]
[SourceDate "2023.10.10"]
[SourceVersion "1"]
[SourceVersionDate "2023.10.10"]
[SourceQuality "1"]

1. d4 e6 2. Nf3 c5 3. c3 Nf6 4. Bf4 b6 5. e3 Bb7 6. Nbd2 Be7 7. Bd3 0-0 8. h3 d6 9. 0-0 Nbd7 10. e4 Re8 11. Re1 h6 12. Qe2 Rc8 13. a4 Bf8 14. Be3 cxd4 15. cxd4 d5 16. e5 Ne4 17. Rec1 Bb4 18. Bf4 Nxd2 19. Bxd2 Qe7 20. Qe1 Bxd2 21. Qxd2 f6 22. Bb5 Red8 23. Bxd7 Rxd7 24. exf6 Qxf6 25. Ne5 Rdc7 26. Rxc7 Rxc7 27. Rc1 Qd8 28. Rxc7 Qxc7 29. f4 Bc8 30. b4 Bd7 31. a5 Be8 32. axb6 axb6 33. Kh2 Qe7 34. g3 Qc7 35. g4 Qe7 36. Kg3 h5 37. Qc3 h4+ 38. Kf3 g5 39. fxg5 Qxg5 40. Qe3 Qe7 41. Qd2 Qf6+ 42. Kg2 Bg6 43. Qf2 Be4+ 44. Kg1 Qe7 45. Qd2 b5 46. Qc3 Qa7 47. Qc8+ Kg7 48. Qd7+ Qxd7 49. Nxd7 Kg6 50. Kf2 Kg5 51. Nc5 Bc2 52. Nxe6+ Kf6 53. Nc7 Kg5 54. Ke3 Bd1 55. Nxd5 Bxg4 56. hxg4 Kxg4 57. Nf4 h3 58. Nxh3 1-0

[Event "Titled Tuesday intern op 05th Sep Early"]
[Site "Chess.com INT"]
[Date "2023.09.05"]
[Round "10"]
[White "Turzo, Attila"]
[Black "Ghosh, Chanchal Kumer"]
[Result "1-0"]
[WhiteElo "2279"]
[BlackElo "2026"]
[PlyCount "83"]
[EventDate "2023.09.05"]
[EventType "swiss (blitz)"]
[EventRounds "11"]
[EventCountry "USA"]
[SourceTitle "EXT 2024"]
[Source "ChessBase"]
[SourceDate "2023.10.10"]
[SourceVersion "1"]
[SourceVersionDate "2023.10.10"]
[SourceQuality "1"]

1. d4 d5 2. Nf3 e6 3. Bf4 Nf6 4. e3 Bd6 5. Nbd2 c5 6. c3 Nc6 7. Bb5 0-0 8. 0-0 c4 9. b3 cxb3 10. axb3 Qc7 11. Bg3 Bd7 12. Qe2 a6 13. Bxc6 Bxc6 14. Bxd6 Qxd6 15. c4 Rfe8 16. Rfc1 Ne4 17. Nxe4 dxe4 18. Ne5 f6 19. c5 Qc7 20. Nc4 Bb5 21. Qb2 Bxc4 22. bxc4 f5 23. Rab1 Re7 24. Qb6 Qd7 25. Qd6 Qe8 26. Rb6 Rd8 27. Qe5 Kf7 28. Rcb1 Rdd7 29. c6 bxc6 30. Rxa6 Rb7 31. Rab6 Rxb6 32. Rxb6 Qa8 33. h3 Qa4 34. Qc5 Rc7 35. Kh2 Qa8 36. Qd6 Qc8 37. g3 g6 38. Kg2 h5 39. Qb4 Qd7 40. Rb8 Rc8 41. Rb7 Rc7 42. Rb6 1-0

[Event "Titled Tuesday intern op 05th Sep Early"]
[Site "Chess.com INT"]
[Date "2023.09.05"]
[Round "8"]
[White "Turzo, Attila"]
[Black "Van Baar, Esper"]
[Result "1-0"]
[WhiteElo "2279"]
[BlackElo "2176"]
[PlyCount "39"]
[EventDate "2023.09.05"]
[EventType "swiss (blitz)"]
[EventRounds "11"]
[EventCountry "USA"]
[SourceTitle "EXT 2024"]
[Source "ChessBase"]
[SourceDate "2023.10.10"]
[SourceVersion "1"]
[SourceVersionDate "2023.10.10"]
[SourceQuality "1"]

1. d4 d5 2. Nf3 c6 3. Bf4 Nf6 4. e3 Bf5 5. c4 e6 6. Nc3 Bd6 7. Qb3 b6 8. Bxd6 Qxd6 9. Be2 0-0 10. 0-0 Nbd7 11. Rfd1 Ne4 12. Rac1 h6 13. cxd5 cxd5 14. Nb5 Qe7 15. Nc7 Rac8 16. Ba6 Rb8 17. Nb5 Nd6 18. Rc7 Nxb5 19. Bxb5 Rfd8 20. Ne5 1-0

[Event "Titled Tuesday intern op 29th Aug Early"]
[Site "Chess.com INT"]
[Date "2023.08.29"]
[Round "6"]
[White "Bashirli, Saadat"]
[Black "Turzo, Attila"]
[Result "0-1"]
[WhiteElo "1567"]
[BlackElo "2279"]
[PlyCount "140"]
[EventDate "2023.08.29"]
[EventType "swiss (blitz)"]
[EventRounds "11"]
[EventCountry "USA"]
[SourceTitle "EXT 2024"]
[Source "ChessBase"]
[SourceDate "2023.10.10"]
[SourceVersion "1"]
[SourceVersionDate "2023.10.10"]
[SourceQuality "1"]

1. d4 Nf6 2. e3 g6 3. Bd3 Bg7 4. f4 0-0 5. Nf3 c5 6. c3 b6 7. Qe2 d5 8. Nbd2 Bb7 9. 0-0 Nbd7 10. Ne5 Qc7 11. Ndf3 Ne4 12. Nxd7 Qxd7 13. Ne5 Qc7 14. Bd2 Nd6 15. Rac1 c4 16. Bb1 b5 17. Rf3 Bc8 18. Rg3 Nf5 19. Rf3 Nd6 20. h3 f6 21. Ng4 Bxg4 22. hxg4 e5 23. Rh3 Rae8 24. Qf2 exd4 25. Qh4 Ne4 26. Bxe4 Rxe4 27. cxd4 h6 28. Qf2 a5 29. a3 Rb8 30. Qe1 Ra8 31. b4 axb4 32. Bxb4 Rae8 33. Qd2 Qd7 34. Rg3 Qe6 35. Kf2 Qd7 36. Qd1 Kf7 37. Qd2 Rh8 38. Rh1 Qe6 39. Qc3 Qd7 40. Qd2 Ree8 41. g5 hxg5 42. Rxh8 gxf4 43. exf4 Rxh8 44. Qc2 f5 45. Qd2 Bf6 46. Re3 Bh4+ 47. g3 Bf6 48. Kg2 Re8 49. Bc3 Rxe3 50. Qxe3 Qe6 51. Kf3 Qe4+ 52. Qxe4 dxe4+ 53. Ke3 Ke6 54. Bb2 Kd5 55. Bc3 Be7 56. Bb2 b4 57. axb4 Bxb4 58. Ba1 c3 59. Ke2 Kxd4 60. g4 e3 61. gxf5 gxf5 62. Kd1 Kd3 63. Ke1 c2+ 64. Kf1 c1Q+ 65. Kg2 Qxa1 66. Kf3 e2 67. Kg2 Qf1+ 68. Kg3 Be1+ 69. Kh2 Qf2+ 70. Kh3 Qg3# 0-1